LEADER 01153nam a2200265 i 4500 001 000000100629 003 CaOOAMICUS 005 20171003000000.0 008 171003s2007 it u000 u ita u 013 $a72781 020 $a978-88-541-2103-4 040 $aSeMil$bita 100 1 $aCeruso, Vincenzo,$d<1973- >.$0(OLS)http://semarc/name/92692 245 13$aLa Chiesa e la mafia :$bviaggio dentro le sagrestie di Cosa nostra /$cVincenzo Ceruso. 260 $aRoma :$bNewton Compton,$c2007. 300 $a270 p. ;$c22 cm. 490 0 $aUniversale storica Newton ;$v102 650 4$aChiesa - Atteggiamento verso la mafia.$0(OLS)http://semarc/subject/42909 830 0$aUniversale storica Newton ;$v102.$0(OLS)http://semarc/title/400353 850 $aSeMil 852 $aSeMil$W1$xVenegono$y1$m3B V 77$j57697$B57697$CSeMilBibl$Z2$F68140 $81 961 $aOmaggio: Perego don Stefano 996 $6020$a978-88-541-2103-4$9(OLS)http://semarc/number/272510 996 $6245$aLa Chiesa e la mafia :$bviaggio dentro le sagrestie di Cosa nostra$9(OLS)http://semarc/title/406715 996 $6260$aRoma :$bNewton Compton$9(OLS)http://semarc/publisher/31452 LEADER 01012nam a2200253 i 4500 001 000000353273 003 CaOOAMICUS 005 20230328125007.0 008 230328s1993 it u000 u ita u 020 $a978-1-85075-428-2 040 $aSeMil$bita 100 1 $aSalters, Robert B.$0(OLS)http://semarc/name/73684 245 10$aEzekiel /$cHenry McKeating. 264 1$aSheffield :$bJSOT Press,$c1993. 300 $a128 p. ;$c22 cm. 490 1 $aOld Testament guides 650 4$aBibbia. Antico Testamento. Ezechiele - Commentari, studi, critica, interpretazioni.$0(OLS)http://semarc/subject/477 830 0$aOld Testament guides.$0(OLS)http://semarc/title/33992 850 $aSeMil 852 $aSeMil$W1$xVenegono$y1$m2XA V 22$j238992$B244494$CSeMilBibl$Z2$F244494 $81 996 $6020$a978-1-85075-428-2$9(OLS)http://semarc/number/297844 996 $6245$aEzekiel$9(OLS)http://semarc/title/443286 996 $6264$aSheffield :$bJSOT Press$9(OLS)http://semarc/publisher/36411